000 00677nam a2200181 a 4500
008 081205s1995 ||||||||||||||||| || u
020 _a1853832413
050 _aHC 79.E5 Rei
100 _aReid, David, 1941-
245 1 0 _aSustainable development: an introductory guide
260 _aLondon
_bEarthscan
_c1995
300 _axx, 261p.: ill.
350 _a0.00
650 _aSUSTAINABLE DEVELOPMENT--ARAB REGION
650 0 _aAFRICA--ECONOMIC CONDITIONS
650 0 _aENVIRONMENTAL POLICY--MACEDONIA
995 _D0.00
_FCBU-MAIN LIBRARY (Kitwe)
_H1
_I0.00
_M1
_UAVAILABLE
_WJan 30, 2009
_ZMain Library Open Access Collection
999 _c59228
_d59228